000 00724nam a22001817a 4500
999 _c12379
_d12379
003 AR-CdUCM
008 190408b ||||| |||| 00| 0 spa d
040 _aMUNICIPALIDAD PROVINCIAL DEL CUSCO
_cBIBLIOTECA MUNICIPAL DEL CUSCO
082 _a858.11 /
_bA39 / 1889
100 _aAlighieri, Dante
_95764
245 _aTeoría del traductor :
_bLa divina comedia /
260 _aBuenos Aires :
_c1889.
300 _a281 páginas ;
_c23 cm.
500 _aAl texto le falta la tapa.
505 _aContenido : Estudio sobre la personalidad del autor, su época y su obra por el Marques de Molins -- Italia en el siglo de Dante -- Civilización Italiana en el siglo XIII ...
942 _2ddc
_cLIBROS
945 _arah
_d08/04/2019